000 00345nam a2200133Ia 4500
005 20260328104248.0
008 260328s9999||||xx |||||||||||||| ||und||
100 _aVan Abel, Bas
245 0 _aOpen Design now :
_b why Design remain exclusive /
_cBas Van Abel
260 _bBIS Publishers
300 _a320 p.
650 _aHISTORIA
942 _cBK
999 _c10145
_d10145